Merchants of death : a study of the international armament industry /

Bibliographic Details
Main Author: Engelbrecht, H. C. (Helmuth Carol), 1895-1939
Other Authors: Hanighen, Frank Cleary, 1899-1964
Format: Book
Language:English
Published: New York : Dodd, Mead & Co., 1934.
Subjects:

MARC

Tag First Indicator Second Indicator Subfields
LEADER 00000cam a2200000 a 4500
001 in00000061160
005 20151008051630.0
008 740604s1934 nyua b 00110 eng
010 |a  34010359  
035 |a (OCoLC)00907946 
035 |9 AAG9084AM 
040 |a DLC  |c OSU  |d OCL  |d TXA  |d UtOrBLW 
049 |a TXAM  |c 1 [53251]  |a TXAS [mil]  |c 2 
050 0 |a UF530  |b .E5 
082 0 |a 341.3 
090 |a UF530  |b .E53 1934 
092 |a 341.3  |b E57m 
100 1 |a Engelbrecht, H. C.  |q (Helmuth Carol),  |d 1895-1939. 
245 1 0 |a Merchants of death :  |b a study of the international armament industry /  |c by H.C. Engelbrecht and F.C. Hanighen ; foreword by Harry Elmer Barnes. 
264 1 |a New York :  |b Dodd, Mead & Co.,  |c 1934. 
300 |a ix, 308 pages :  |b illustrations ;  |c 21 cm. 
336 |a text  |b txt  |2 rdacontent 
337 |a unmediated  |b n  |2 rdamedia 
338 |a volume  |b nc  |2 rdacarrier 
500 |a Ill. on lining papers. 
500 |a Cushing Library Ragan Military copy part of the Alan Culpin Military History Collection. 
500 |a Cushing Library/Ragan Military Collection copy contains a loose leaf disclaimer. 
504 |a Bibliography: pages 285-296. 
500 |a Includes index. 
650 0 |a Arms transfers. 
650 0 |a Military weapons. 
650 0 |a Firearms industry and trade. 
650 0 |a War. 
700 1 |a Hanighen, Frank Cleary,  |d 1899-1964. 
999 |a MARS 
999 f f |s 50e32b1e-6176-3a06-ac00-28b2b8c6cfd8  |i b51dc763-a3b7-327b-a6bb-ae5a4b33880b  |t 0 
952 f f |p normal  |a Texas A&M University  |b College Station  |c Sterling C. Evans Library  |d Evans: Library Stacks  |t 0  |e UF530 .E53 1934  |h Library of Congress classification  |i unmediated -- volume  |m A14800783980 
952 f f |p noncirc  |a Texas A&M University  |b College Station  |c Cushing Memorial Library & Archives  |d Cushing: Ragan Military (Does not check out)  |t 0  |e UF530 .E53 1934  |h Library of Congress classification  |i unmediated -- volume 
952 f f |p noncirc  |a Texas A&M University  |b College Station  |c Cushing Memorial Library & Archives  |d Cushing: Ragan Military (Does not check out)  |t 0  |e UF530 .E53 1934  |h Library of Congress classification  |i unmediated -- volume 
998 f f |a UF530 .E53 1934  |t 0  |l Evans: Library Stacks 
998 f f |a UF530 .E53 1934  |t 0  |l Cushing: Ragan Military (Does not check out) 
998 f f |a UF530 .E53 1934  |t 0  |l Cushing: Ragan Military (Does not check out)